00545 2200229 4500001002100000005001500021035002000036007000300056008004100059020002200100082001400122084002000136100001300156245003300169260002600202300002700228650002000255990001000275990001000285990001000295990001000305INLIS00000000001154820250204102255 a0010-0225000028ta250204 g f ind  a978-623-09-7961-3 a899.221 3 a899.221 3 LEN r0 aLenn Liu1 aRumah untuk alie /cLenn Liu aDepok :bTekad,c2024 a262 hhlm ;c14 x 20 cm 4aFiksi Indonesia a57041 a57042 a57043 a57044